000031857 001__ 31857
000031857 005__ 20160204081659.0
000031857 037__ $$aTAZ-TFG-2015-542
000031857 041__ $$aspa
000031857 1001_ $$aLópez Segarra, Santiago
000031857 24500 $$aAnálisis jurisprudencial de la prueba del Derecho extranjero
000031857 260__ $$aZaragoza$$bUniversidad de Zaragoza$$c2015
000031857 506__ $$aby-nc-sa$$bCreative Commons$$c3.0$$uhttp://creativecommons.org/licenses/by-nc-sa/3.0/
000031857 520__ $$aEn este trabajo se analizan, desde el punto de vista jurisprudencial, dos grandes problemas del régimen de prueba del Derecho extranjero: si se debe probar y, en ese caso, quién debe hacerlo; y cuáles son las consecuencias de la falta de prueba del Derecho extranjero. A través del análisis de distintas sentencias, junto con variadas aportaciones doctrinales, se intenta explicar, con mentalidad crítica, las distintas posiciones respecto a ambas cuestiones y ofrecer soluciones que pueden dar respuesta a estos dos grandes problemas.  En definitiva, se pretende dar nueva luz a esta antigua cuestión, que aparece en nuestros Tribunales ya a mitad del siglo XIX y que se remonta hasta la actualidad con el nuevo Proyecto de Ley de Cooperación Jurídica Internacional.
000031857 521__ $$aGraduado en Derecho
000031857 540__ $$aDerechos regulados por licencia Creative Commons
000031857 700__ $$aZabalo Escudero, María Elena$$edir.
000031857 7102_ $$aUniversidad de Zaragoza$$bDerecho Privado$$cDerecho Internacional Privado
000031857 8560_ $$f677658@celes.unizar.es
000031857 8564_ $$s339977$$uhttps://zaguan.unizar.es/record/31857/files/TAZ-TFG-2015-542.pdf$$yMemoria (spa)
000031857 909CO $$ooai:zaguan.unizar.es:31857$$pdriver$$ptrabajos-fin-grado
000031857 950__ $$a
000031857 951__ $$adeposita:2015-08-25
000031857 980__ $$aTAZ$$bTFG$$cDER